000 00973nam a2200265Ia 4500
003 OSt
005 20221002045552.0
006 a|||||r|||| 00| 0
007 ta
008 220930b |||||||| |||| 00| 0 san d
020 _a9788120833037 (hbk (Set))
_c3000
024 _a10152
037 _b77, 22/03/2014, Motilal Banarsidass Publishers Pvt. Ltd.
_cReference Collections
040 _aCRL
_cCRL
_bsan
041 _2san
_asan
082 _aR693xE89, 15P9.1-.3(RR)
100 _aहेमन्ताचार्य
245 0 _aयोगशास्त्रम्
250 _a
260 _aदिल्ली
_b मोतीलाल बनासीदास
_c2013
490 _vभाग 1
650 _aभारतीय दर्शन
942 _hR693xE89, 15P9.1-.3(RR)
_cref
_2CC
999 _c912643
_d912643